Komentár k novému zákonu o cestovných náhradách

Tretia časť publikácie "Náhrady pri pracovných cestách podľa nového zákona" - Náhrady pri zahraničných pracovných cestách. Poistenie liečebných nákladov, stravné, vreckové, náhrada výdavkov za pohonné látky. Zahraničné cesty na základe dohôd o vzájomnej výmene zamestnancov.

Salvato in:
Dettagli Bibliografici
Autore principale: Minková, Ľuboslava
Natura: Capitolo di libro
Lingua:slovacco
Soggetti:
Tags: Aggiungi Tag
Nessun Tag, puoi essere il primo ad aggiungerne!!

MARC

LEADER 00000naa a2200000 4500
001 r047454
005 20230927070901.0
041 0 |a slo 
044 |a SK 
245 1 0 |a Komentár k novému zákonu o cestovných náhradách  |c Ľuboslava Minková 
520 |a Tretia časť publikácie "Náhrady pri pracovných cestách podľa nového zákona" - Náhrady pri zahraničných pracovných cestách. Poistenie liečebných nákladov, stravné, vreckové, náhrada výdavkov za pohonné látky. Zahraničné cesty na základe dohôd o vzájomnej výmene zamestnancov. 
610 2 0 |a cesty pracovné 
610 2 0 |a náhrada cestovného 
610 2 0 |a náhrada výdavkov 
610 2 0 |a náhrada poistná 
610 2 0 |a zákony 
610 2 0 |a komentáre 
100 1 |a Minková, Ľuboslava